| 000 | 00438cam a2200181ua 4500 | ||
|---|---|---|---|
| 020 | _c3.50 | ||
| 041 |
_aeng _h |
||
| 082 |
_a307.762 _bBHA/VI |
||
| 100 | _aBhattacharya, S.N . | ||
| 245 |
_aVillage on the March / _cS.N.Bhattacharya. _hTextual Documents |
||
| 250 |
_a1 / _b. |
||
| 260 |
_aDelhi : _bMetropolitan book co. , _c1959. |
||
| 300 | _a66 ; . | ||
| 365 | _a3.50 | ||
| 504 | _a | ||
| 942 | _cBK | ||
| 999 |
_c1869 _d1869 |
||